| 000 | 00590nam a2200241 a 4500 | ||
|---|---|---|---|
| 001 | nice12345678 | ||
| 003 | IN_TiNIC | ||
| 005 | 20260116013512.0 | ||
| 008 | 050524s1948 phia grp 000 0 eng | ||
| 020 |
_a _c100 |
||
| 082 | 0 | 0 |
_a221 _bALL |
| 100 | _aAlleman, Herbert C | ||
| 245 |
_aOld Testament _b Commentary |
||
| 260 |
_aPhiladelphia _bMuhlenberg Press _c1948 |
||
| 300 | _a893p | ||
| 500 | _aincludes index and biblioraphy | ||
| 505 | 2 | _aIndex | |
| 650 | _aOld Testament-Commentry | ||
| 700 | 1 | _aAlleman, Herbert C | |
| 902 | _bSRS | ||
| 942 | _cBK | ||
| 999 |
_c11235 _d11235 |
||